000
00215 a2200097 4500
001
5888
100
_a
Sonnenberg,GJ
245
_a
Radar & electronic navigation
260
_a
_b
George newnes
_c
090
_c
4806
_d
4806
942
_a
NUST-CAE
_c
M
_c
31163
999
_c
240961
_d
240961